| 000 | 00670nam a2200217Ia 4500 | ||
|---|---|---|---|
| 005 | 20240103113820.0 | ||
| 008 | 131103s9999 xx 000 0 und d | ||
| 020 |
_a8179017987 _cRs.400 |
||
| 040 | _aLoreto College | ||
| 041 | _aEnglish | ||
| 082 |
_a891.409 _bDAS |
||
| 100 | _aDas,Sisir Kumar | ||
| 245 | 2 |
_aA History of Indian literature 1911 - 1956, _b _cSisir Kumar Das |
|
| 250 | _astruggle for freedom (Triumph and tragedy) | ||
| 260 |
_aNew Delhi _bSahitya Akademi _c1995 |
||
| 300 | _axvi,908 p. | ||
| 504 | _aIncludes bibliographical references | ||
| 650 | _aIndian Literature - History and Criticism,1911 - 1956 | ||
| 850 | _aLCLIB | ||
| 942 | _cBK | ||
| 999 |
_c13510 _d63989 |
||